000 00576nam a2200205Ia 4500
008 220216s9999 xx 000 0 und d
100 _aUlaganathan A
245 0 _aPhosphorus fractions and fixation of added P in rubber growing soils of Kerala
260 _bNatural Rubber Research
_c2005
300 _a31-37
650 _aPhosphorus fixation
650 _aPhosphorus fraction
650 _aRubber growing soil
650 _aSoil property
700 _aAmbili K K
700 _aKarthikakuttyamma M
700 _aNair A N S
700 _aSatisha G C
942 _cJS
999 _c64893
_d64893